00548nam a2200133Ia 4500008004100000100003000041245011900071260003600190300001800226650001000244856006800254999001900322952007300341160712s9999 xx 000 0 und d aPison, Ruth Jordana Luna. cRuth Jordana Luna PisonaCarving Out a Space for Contemporary Dance in the South: Agnes Locsin's Continuing Legacy c2011bReview of Women's Studies avol. 21 no. 1 xWOMEN uhttp://journals.upd.edu.ph/index.php/rws/issue/view/441/showToc c297703d297703 001040aCLbCLd2016-07-12l0r2016-07-12 00:00:00w2016-07-12yFEJ